Correspondance inédite de Hector Berlioz (Record no. 29997)

MARC details
000 -LEADER
campo de control de longitud fija 00638nam a2200193 i 4500
001 - NÚMERO DE CONTROL
campo de control C00030740c
005 - FECHA Y HORA DE LA ÚLTIMA TRANSACCIÓN
campo de control 20241029144554.0
008 - DATOS DE LONGITUD FIJA--INFORMACIÓN GENERAL
campo de control de longitud fija 980204s1879 fr 001 0dfre d
080 ## - NÚMERO DE LA CLASIFICACIÓN DECIMAL UNIVERSAL
Número de la Clasificación Decimal Universal 821.132.2-6"18"
100 1# - ENTRADA PRINCIPAL--NOMBRE DE PERSONA
Nombre de persona Berlioz, Héctor (
Fechas asociadas al nombre 1803-1869)
9 (RLIN) 20962
245 10 - MENCIÓN DEL TÍTULO
Título Correspondance inédite de Hector Berlioz
Resto del título : 1819-1868 /
Mención de responsabilidad, etc. avec une notice biographique par Daniel Bernard.
260 ## - PUBLICACIÓN, DISTRIBUCIÓN, ETC.
Lugar de publicación, distribución, etc. Paris :
Nombre del editor, distribuidor, etc. Calmann Lévy,
Fecha de publicación, distribución, etc. 1879.
300 ## - DESCRIPCIÓN FÍSICA
Extensión 361 p. ;
Dimensiones 19 cm.
490 0# - MENCIÓN DE SERIE
Mención de serie Bibliothèque contemporaine
600 10 - PUNTO DE ACCESO ADICIONAL DE MATERIA--NOMBRE DE PERSONA
Nombre de persona Berlioz, Héctor (
Fechas asociadas al nombre 1803-1869)-
Subdivisión de forma Correspondencia.
9 (RLIN) 89083
852 42 - LOCALIZACIÓN
Número de control de estantería A-2297
Holdings
Estatus retirado Estado de pérdida Estado de daño No para préstamo Colección Biblioteca de origen Biblioteca actual Ubicación en estantería Fecha de adquisición Fuente de adquisición Total de préstamos Signatura topográfica completa Código de barras Visto por última vez Precio de reemplazo Tipo de ítem Koha
        Música Real Academia de la Bellas Artes de San Fernando Real Academia de la Bellas Artes de San Fernando Depósito 1 04/02/1998 O   A-2297 1032799 15/10/2024 15/10/2024 Fondo antiguo

Powered by Koha